| 000 | 00714nam#a2200229#c#4500 | ||
|---|---|---|---|
| 003 | IEF | ||
| 005 | 20180219162932.0 | ||
| 008 | 941205suuuu ESP####fr####| 0||u|SPA|u | ||
| 040 | _aIEF | ||
| 041 | _aSPA | ||
| 100 | 1 |
_aGómez Castañeda, Juan _918748 |
|
| 245 |
_aEl I.V.A. Una nueva figura impositiva para la fiscalidad española _c JuanGómez Castañeda, José Manuel Guirola López; prólogo de Ricardo Calle Sáiz |
||
| 260 |
_aMadrid _b Instituto Estudios Sociales |
||
| 300 |
_a158 p. _c24 cm. |
||
| 500 | _aBibliografía | ||
| 650 | 4 |
_aIMPUESTO SOBRE EL VALOR AÑADIDO _950141 |
|
| 650 | 4 |
_aESPAÑA _941092 |
|
| 700 | 1 |
_aCalle Saiz, Ricardo _98472 |
|
| 942 | _cLIB | ||
| 942 | _z32161 | ||
| 999 |
_c77185 _d77185 |
||